Горячая пластическая деформация чугуна: структура, свойства, технологические основы

Xehetasun bibliografikoak
Egile nagusia: Покровский А. И. Артур Игоревич
Erakunde egilea: Национальная Академия наук Беларуси (НАНБ, НАН Беларуси) Физико-технический институт
Gaia:В монографии описаны результаты исследований структуры и свойств серого, ковкого, высокопрочного и половинчатого чугунов, формирующихся после горячей пластической деформации. Представлены данные о пластичности чугунов при температурах 20— 1150°С. Рекомендованы схемы, условия деформации, способы повышения пластичности чугунов. Исследованы особенности графитизации и бейнитного превращения в деформированном чугуне. Предложены технологические основы получения нового класса высококачественных чугунов, основанные на применении литых заготовок с повышенной пластичностью, горячей деформации и специальных методов термической обработки. Технология использована для изготовления ответственных изделий из чугуна типа заготовок уплотнительных и поршневых колец, шестерен. Предназначена для научных работников, специалистов в области материаловедения чугунов и обработки металлов давлением, инженерно-технических работников металлургической и машиностроительной отраслей промышленности. Материалы монографии могут быть использованы в технических вузах при чтении лекций по спецкурсам «Структурообразование чугуна при горячей пластической деформации», «Деформированные чугуны — новый класс машиностроительных материалов».
Hizkuntza:errusiera
Argitaratua: Минск, Беларуская навука, 2010
Gaiak:
Formatua: Liburua
KOHA link:https://koha.lib.tpu.ru/cgi-bin/koha/opac-detail.pl?biblionumber=190168

MARC

LEADER 00000nam0a2200000 4500
001 190168
005 20231101224250.0
010 |a 9789850811554 
035 |a (RuTPU)RU\TPU\book\207055 
090 |a 190168 
100 |a 20110118d2010 k y0rusy50 ca 
101 0 |a rus 
102 |a BY 
105 |a a z 001zy 
200 1 |a Горячая пластическая деформация чугуна: структура, свойства, технологические основы  |f А. И. Покровский  |g Национальная Академия наук Беларуси (НАНБ, НАН Беларуси), Физико-технический институт 
210 |a Минск  |c Беларуская навука  |d 2010 
215 |a 256 с.  |c ил. 
320 |a Библиогр.: с. 244-253. 
330 |a В монографии описаны результаты исследований структуры и свойств серого, ковкого, высокопрочного и половинчатого чугунов, формирующихся после горячей пластической деформации. Представлены данные о пластичности чугунов при температурах 20— 1150°С. Рекомендованы схемы, условия деформации, способы повышения пластичности чугунов. Исследованы особенности графитизации и бейнитного превращения в деформированном чугуне. Предложены технологические основы получения нового класса высококачественных чугунов, основанные на применении литых заготовок с повышенной пластичностью, горячей деформации и специальных методов термической обработки. Технология использована для изготовления ответственных изделий из чугуна типа заготовок уплотнительных и поршневых колец, шестерен. Предназначена для научных работников, специалистов в области материаловедения чугунов и обработки металлов давлением, инженерно-технических работников металлургической и машиностроительной отраслей промышленности. Материалы монографии могут быть использованы в технических вузах при чтении лекций по спецкурсам «Структурообразование чугуна при горячей пластической деформации», «Деформированные чугуны — новый класс машиностроительных материалов». 
606 1 |a Чугун  |x Деформация пластическая  |2 stltpush  |3 (RuTPU)RU\TPU\subj\18791  |9 44161 
610 1 |a чугун 
610 1 |a деформационное воздействие 
610 1 |a деформируемость 
610 1 |a горячее состояние 
610 1 |a пластичность 
610 1 |a деформированный чугун 
610 1 |a структура 
610 1 |a свойства 
610 1 |a термическая обработка 
610 1 |a детали 
610 1 |a изготовление 
610 1 |a литейно-деформированные технологии 
610 1 |a поршневые кольца 
610 1 |a уплотнительные кольца 
675 |a 669.13  |v 3 
700 1 |a Покровский  |b А. И.  |g Артур Игоревич 
712 0 2 |a Национальная Академия наук Беларуси (НАНБ, НАН Беларуси)  |b Физико-технический институт  |c (Минск)  |2 stltpush  |3 (RuTPU)RU\TPU\col\17432 
801 1 |a RU  |b 63413507  |c 20110118 
801 2 |a RU  |b 63413507  |c 20200824  |g RCR 
942 |c BK 
959 |a 5/20110118  |d 1  |e 291,50  |f ЧЗТЛ:1